<?xml version="1.0" encoding="UTF-8"?><?xml-stylesheet type="text/xsl" href="static/style.xsl"?><OAI-PMH xmlns="http://www.openarchives.org/OAI/2.0/" xmlns:xsi="http://www.w3.org/2001/XMLSchema-instance" xsi:schemaLocation="http://www.openarchives.org/OAI/2.0/ http://www.openarchives.org/OAI/2.0/OAI-PMH.xsd"><responseDate>2026-04-18T00:25:50Z</responseDate><request verb="GetRecord" identifier="oai:www.recercat.cat:10459.1/467468" metadataPrefix="marc">https://recercat.cat/oai/request</request><GetRecord><record><header><identifier>oai:recercat.cat:10459.1/467468</identifier><datestamp>2026-03-16T19:33:18Z</datestamp><setSpec>com_2072_3622</setSpec><setSpec>col_2072_479130</setSpec></header><metadata><record xmlns="http://www.loc.gov/MARC21/slim" xmlns:dcterms="http://purl.org/dc/terms/" xmlns:xsi="http://www.w3.org/2001/XMLSchema-instance" xmlns:doc="http://www.lyncode.com/xoai" xsi:schemaLocation="http://www.loc.gov/MARC21/slim http://www.loc.gov/standards/marcxml/schema/MARC21slim.xsd">
   <leader>00925njm 22002777a 4500</leader>
   <datafield ind2=" " ind1=" " tag="042">
      <subfield code="a">dc</subfield>
   </datafield>
   <datafield ind2=" " ind1=" " tag="720">
      <subfield code="a">Vicens Sans, Alexandre</subfield>
      <subfield code="e">author</subfield>
   </datafield>
   <datafield ind2=" " ind1=" " tag="720">
      <subfield code="a">Marín Sillué, Sònia</subfield>
      <subfield code="e">author</subfield>
   </datafield>
   <datafield ind2=" " ind1=" " tag="720">
      <subfield code="a">Sanchís Almenar, Vicente</subfield>
      <subfield code="e">author</subfield>
   </datafield>
   <datafield ind2=" " ind1=" " tag="720">
      <subfield code="a">Ramos Girona, Antonio J.</subfield>
      <subfield code="e">author</subfield>
   </datafield>
   <datafield ind2=" " ind1=" " tag="720">
      <subfield code="a">Molino Gahete, Francisco</subfield>
      <subfield code="e">author</subfield>
   </datafield>
   <datafield ind2=" " ind1=" " tag="260">
      <subfield code="c">2025</subfield>
   </datafield>
   <datafield ind2=" " ind1=" " tag="520">
      <subfield code="a">Deoxynivalenol (DON) and fumonisins B-type (FBs), mycotoxins synthesized by Fusarium spp., cause serious health problems after their intake. These compounds are frequently found in maize and wheat, the most consumed cereals worldwide and main hosts of Fusarium, making them a food safety problem. This work studies the effect of the maize/wheat-based breadmaking process on the concentrations of DON and FBs. Breads were made using contaminated maize flour (40 %) mixed with uncontaminated wheat flour (60 %). Three factors were analyzed: mycotoxin contamination level (DON: 1.20 or 0.8 mg/kg; FBs: 1.28 or 0.61 mg/kg), sourdough use (absence, artisan or commercial) and fermentation time (2 or 12 h). Doughs were baked at 200 °C for 40 min. DON and FBs were determined by HPLC-DAD and HPLC-FLD, respectively. Additionally, sourdough microbiota was identified. The only isolated yeast was Saccharomyces cerevisiae, while lactic acid bacteria showed great variability, being Lactobacillus plantarum the most common. FBs concentration remained stable during fermentation; while for DON, the highest change was observed in the loaves with an initial concentration of 1.20 mg/kg, commercial sourdough use and 12 h fermented, showing a 28 % increase in its concentration. After baking, mycotoxin reduction was observed under all conditions, except in the aforementioned one that still showed a 16 % of DON increase. Results indicate that the reduction of DON during breadmaking may not be enough to ensure food safety from borderline contaminated flour to meet legal limits. However, bread with FBs levels below the maximum limits can be produced, even when using contaminated flour.</subfield>
   </datafield>
   <datafield ind2=" " ind1=" " tag="520">
      <subfield code="a">This work was supported by the Spanish Ministry of Science and Innovation (project PID2020-114836RB-I00, funded by MCIN/AEI541/ 10.13039/501100011033). Alexandre Vicens-Sans acknowledges the EU through Project 101079173-FunShield4Med (HORIZON-WIDERA- 2021-ACCESS-03).</subfield>
   </datafield>
   <datafield tag="653" ind2=" " ind1=" ">
      <subfield code="a">Isotherm fitting</subfield>
   </datafield>
   <datafield tag="653" ind2=" " ind1=" ">
      <subfield code="a">Aflatoxin B1</subfield>
   </datafield>
   <datafield tag="653" ind2=" " ind1=" ">
      <subfield code="a">Fumonisin B1</subfield>
   </datafield>
   <datafield ind2="0" ind1="0" tag="245">
      <subfield code="a">Transfer of deoxynivalenol and fumonisins B1 and B2 from maize flour to maize/wheat-based bread</subfield>
   </datafield>
</record></metadata></record></GetRecord></OAI-PMH>